|
|
|
|
| LEADER |
00615cam a2200217 7i4500 |
| 001 |
0000030430 |
| 005 |
20140218090000.0 |
| 020 |
0 |
0 |
|a 9781479217779
|
| 090 |
0 |
0 |
|a B 297.576
|b ABD
|
| 100 |
1 |
0 |
|a Abdullahi Ayan
|
| 245 |
1 |
0 |
|a Accessing the global halal market.
|
| 260 |
0 |
0 |
|a [S.l]:
|b [s.n],
|c 2013.
|
| 300 |
# |
# |
|a 199 p.
|
| 650 |
0 |
0 |
|a Halal --
|x markets
|
| 650 |
0 |
0 |
|a Halal products --
|x markets
|
| 650 |
0 |
0 |
|a Halal industry
|
| 650 |
0 |
0 |
|a Halal standards and rules
|
| 650 |
0 |
0 |
|a Halal trade and commerce
|
| 650 |
0 |
0 |
|a Islamic culture
|
| 650 |
0 |
0 |
|a Islamic law
|
| 999 |
|
|
|a B000033530
|b Book
|c Book
|e Business Information Centre
|